Microsoft SQL Server 2000 high availability / (Record no. 550)
[ view plain ]
| 000 -LEADER | |
|---|---|
| fixed length control field | 01294nac a22002411u 4500 |
| 008 - FIXED-LENGTH DATA ELEMENTS--GENERAL INFORMATION | |
| fixed length control field | 100906t xxu||||| |||| 00| 0 eng d |
| 010 ## - LIBRARY OF CONGRESS CONTROL NUMBER | |
| LC control number | 2003051241 |
| 020 ## - INTERNATIONAL STANDARD BOOK NUMBER | |
| International Standard Book Number | 8120324838 |
| 082 00 - DEWEY DECIMAL CLASSIFICATION NUMBER | |
| Classification number | 005.7585 |
| Item number | H671 |
| 100 ## - MAIN ENTRY--PERSONAL NAME | |
| Personal name | 20080729 |
| 9 (RLIN) | 18363 |
| 245 00 - TITLE STATEMENT | |
| Title | Microsoft SQL Server 2000 high availability / |
| Statement of responsibility, etc | Allan Hirt ... [et al.]. |
| 246 30 - VARYING FORM OF TITLE | |
| Title proper/short title | SQL Server 2000 high availability |
| 260 ## - PUBLICATION, DISTRIBUTION, ETC. (IMPRINT) | |
| Place of publication, distribution, etc | New Delhi : |
| Name of publisher, distributor, etc | Prentice Hall of India, |
| Date of publication, distribution, etc | c2004. |
| 300 ## - PHYSICAL DESCRIPTION | |
| Extent | xxiv, 754 p. : |
| Other physical details | ill. ; |
| Dimensions | 23 cm. + |
| Accompanying material | 1 CD-ROM (4 3/4 in.) |
| 500 ## - GENERAL NOTE | |
| General note | Includes index. |
| 650 #0 - SUBJECT ADDED ENTRY--TOPICAL TERM | |
| Topical term or geographic name as entry element | Client/server computing. |
| 9 (RLIN) | 18364 |
| 700 1# - ADDED ENTRY--PERSONAL NAME | |
| Personal name | Hirt, Allan. |
| 9 (RLIN) | 18365 |
| 942 ## - ADDED ENTRY ELEMENTS (KOHA) | |
| Item type | Book - Borrowing |
| Call number prefix | 005.7585H671 |
| Source of classification or shelving scheme | Dewey Decimal Classification |
| Withdrawn status | Item status | Source of classification or shelving scheme | Damaged status | Not for loan | Vendor | Home library | Current library | Shelving location | Date acquired | Source of acquisition | Cost, normal purchase price | Total Checkouts | Full call number | Barcode | Date last seen | Cost, replacement price | Koha item type |
|---|---|---|---|---|---|---|---|---|---|---|---|---|---|---|---|---|---|
| Dewey Decimal Classification | Central Library | Central Library | Lower Floor | 17/07/2006 | 200.00 | 005.7585 MIC | 000004070 | 15/07/2025 | 250.00 | Book - Borrowing | |||||||
| Dewey Decimal Classification | Central Library | Central Library | Lower Floor | 17/07/2006 | 200.00 | 005.7585 MIC | 000004049 | 15/07/2025 | 250.00 | Book - Borrowing | |||||||
| Dewey Decimal Classification | Central Library | Central Library | Lower Floor | 24/04/2012 | 200.00 | 005.7585 MIC | 000026698 | 24/08/2022 | 250.00 | CD | DVD - With book | |||||||
| Dewey Decimal Classification | Central Library | Central Library | Lower Floor | 24/04/2012 | 200.00 | 005.7585 MIC | 000026699 | 24/08/2022 | 250.00 | CD | DVD - With book |